<?xml version="1.0" encoding="UTF-8"?>
<collection xmlns="http://www.loc.gov/MARC21/slim">
 <record>
  <leader>00681cam a2200205 7i4500</leader>
  <controlfield tag="001">0000043799</controlfield>
  <controlfield tag="005">20050630090000.0</controlfield>
  <datafield tag="020" ind1="#" ind2="0">
   <subfield code="a">3540005749 </subfield>
  </datafield>
  <datafield tag="090" ind1="0" ind2="0">
   <subfield code="a">QA 76.9 S63 </subfield>
   <subfield code="b">R855</subfield>
  </datafield>
  <datafield tag="245" ind1="0" ind2="0">
   <subfield code="a">Rough set theory and granular computing  </subfield>
   <subfield code="c">Masahiro Inuiguchi, Shoji Hirano, Shusaku Tsumoto, eds..</subfield>
  </datafield>
  <datafield tag="260" ind1="#" ind2="#">
   <subfield code="a">New York: </subfield>
   <subfield code="b">Springer, </subfield>
   <subfield code="c">2003.</subfield>
  </datafield>
  <datafield tag="300" ind1="#" ind2="#">
   <subfield code="a">xv, 300 p.: </subfield>
   <subfield code="b">ill.; </subfield>
   <subfield code="c">24 cm..</subfield>
  </datafield>
  <datafield tag="490" ind1="0" ind2="0">
   <subfield code="a">Studies in fuzziness and soft computing; </subfield>
   <subfield code="v">v. 125</subfield>
  </datafield>
  <datafield tag="650" ind1="0" ind2="0">
   <subfield code="a">Rough sets </subfield>
  </datafield>
  <datafield tag="650" ind1="0" ind2="0">
   <subfield code="a">Granular computing </subfield>
  </datafield>
  <datafield tag="650" ind1="0" ind2="0">
   <subfield code="a">Soft computing </subfield>
  </datafield>
  <datafield tag="700" ind1="1" ind2="1">
   <subfield code="a">Hirano, </subfield>
   <subfield code="h">Shoji </subfield>
  </datafield>
  <datafield tag="700" ind1="1" ind2="1">
   <subfield code="a">Tsumoto, </subfield>
   <subfield code="h">Shusaku </subfield>
  </datafield>
  <datafield tag="700" ind1="1" ind2="1">
   <subfield code="a">Inuiguchi, </subfield>
   <subfield code="h">Masahiro </subfield>
  </datafield>
  <datafield tag="999" ind1=" " ind2=" ">
   <subfield code="a">1100034400</subfield>
   <subfield code="b">Book</subfield>
   <subfield code="c">Open Shelf</subfield>
   <subfield code="e">KOLEKSI TERBUKA</subfield>
  </datafield>
 </record>
</collection>
